000 00545nam a22001812 4500
001 0000025126
005 20151217152308.0
008 141205s xx 000 0 eng d
020 _a1908317322 :
040 _aKABU
_cKABU
245 1 0 _aTeaching Deuteronomy :
_btalk outlines for the book of deuteronomy.
260 _aUK :
_bTh Good Book Company,
_c2014.
300 _a103 p.
650 0 _aBible.Deuteronomy
_xstudy and teaching.
_@0000185536
908 _a141205
950 _@1
999 _c10456
_d10456